GMT +1 Countries - Statistics

General Stats
  • This quiz has been taken 33 times
  • The average score is 36 of 43
Answer Stats
Country % Correct
Spain
100%
Algeria
97%
France
97%
Germany
97%
Italy
97%
Poland
97%
Austria
93%
Belgium
93%
Netherlands
93%
Norway
93%
Sweden
93%
Vatican City
93%
Andorra
90%
Bosnia and Herzegovina
90%
Czech Republic
90%
Hungary
90%
Luxembourg
90%
Malta
90%
Morocco
90%
San Marino
90%
Slovakia
90%
Slovenia
90%
Switzerland
90%
Croatia
86%
Denmark
86%
Liechtenstein
86%
Monaco
86%
Montenegro
83%
Albania
79%
Serbia
79%
Tunisia
79%
Angola
76%
Central African Republic
76%
Democratic Republic of the Congo
76%
Niger
76%
North Macedonia
76%
Republic of the Congo
76%
Chad
72%
Gabon
72%
Nigeria
69%
Cameroon
66%
Benin
62%
Equatorial Guinea
59%
No matching quizzes found
Score Distribution
Percent of People with Each Score
Percentile by Number Answered
Your Score History
You have not taken this quiz